|
|
|
|
| LEADER |
00000nam0a2200000 4500 |
| 001 |
325360 |
| 005 |
20231220102133.0 |
| 035 |
|
|
|a (RuTPU)RU\TPU\book\350974
|
| 035 |
|
|
|a RU\TPU\book\164872
|
| 090 |
|
|
|a 325360
|
| 100 |
|
|
|a 20090128d1989 k y0rusy50 ca
|
| 101 |
0 |
|
|a rus
|
| 102 |
|
|
|a RU
|
| 105 |
|
|
|a a dm 001zy
|
| 200 |
1 |
|
|a Математическое моделирование химических процессов переработки бензиновых фракций ( на примере высокотемпературной изомеризации углеводородов )
|e автореферат диссертации на соискание ученой степени кандидата технических наук
|e спец. 05.17.08
|f М. А. Самборская
|g Томский политехнический институт (ТПИ) ; науч. рук. А. В. Кравцов
|
| 210 |
|
|
|a Томск
|c [Б. и.]
|d 1989
|
| 215 |
|
|
|a 17 с.
|c ил.
|
| 300 |
|
|
|a Защита сост. 20.12.1989 г.
|
| 320 |
|
|
|a Библиогр.: с. 16-17 (9 назв.)
|
| 371 |
0 |
|
|a For_staff_use
|
| 606 |
1 |
|
|a Нефтехимические производства
|x Математические исследования
|2 stltpush
|3 (RuTPU)RU\TPU\subj\34126
|9 56163
|
| 610 |
1 |
|
|a химические процессы
|
| 610 |
1 |
|
|a математическое моделирование
|
| 610 |
1 |
|
|a бензиновые фракции
|
| 610 |
1 |
|
|a переработка
|
| 610 |
1 |
|
|a углеводороды
|
| 610 |
1 |
|
|a изомеризация
|
| 610 |
1 |
|
|a бензиновые смеси
|
| 610 |
1 |
|
|a нефть
|
| 610 |
1 |
|
|a реакторы
|
| 610 |
1 |
|
|a исследования
|
| 610 |
1 |
|
|a авторефераты диссертаций
|
| 610 |
1 |
|
|a труды учёных ТПУ
|
| 675 |
|
|
|a 665.65(04)
|v 4
|
| 686 |
|
|
|a 05.17.08
|2 oksvnk
|
| 700 |
|
1 |
|a Самборская
|b М. А.
|c химик-технолог
|c доцент Томского политехнического университета, кандидат химических наук
|f 1960-
|g Марина Анатольевна
|3 (RuTPU)RU\TPU\pers\24967
|9 11121
|
| 702 |
|
1 |
|a Кравцов
|b А. В.
|c химик-технолог
|c профессор-консультант Томского политехнического университета, доктор технических наук
|f 1938-
|g Анатолий Васильевич
|3 (RuTPU)RU\TPU\pers\19827
|4 727
|
| 712 |
0 |
2 |
|a Томский политехнический институт (ТПИ)
|c (1944-1991)
|3 (RuTPU)RU\TPU\col\1123
|
| 801 |
|
1 |
|a RU
|b 63413507
|c 20161205
|
| 801 |
|
2 |
|a RU
|b 63413507
|c 20190211
|g RCR
|
| 942 |
|
|
|c BK
|